Online Catalogue and eLibrary

The madness of the saints : (Record no. 3733)

MARC details
000 -LEADER
fixed length control field 00475nam a2200181Ia 4500
005 - DATE AND TIME OF LATEST TRANSACTION
control field 20240730014336.0
008 - FIXED-LENGTH DATA ELEMENTS--GENERAL INFORMATION
fixed length control field 240331s9999 xx 000 0 und d
020 ## - INTERNATIONAL STANDARD BOOK NUMBER
ISBN 0226557235
082 ## - DDC Classification
Item Number - Author Mark MCD
Class No. 294
100 ## - MAIN ENTRY--PERSONAL NAME
Personal name McDaniel,J
245 #4 - TITLE STATEMENT
Title The madness of the saints :
Remainder of title ecstatic religion in Bengla
260 ## - PUBLICATION, DISTRIBUTION, ETC.
Place of publication, distribution, etc. London
Name of publisher, distributor, etc. The University of Chicago Press
Date of publication, distribution, etc. 1989
300 ## - PHYSICAL DESCRIPTION
Extent (e.g. Volumes, Pages etc.) xi, 335 p .,
650 ## - SUBJECT ADDED ENTRY--TOPICAL TERM
Topical term or geographic name entry element Religion
650 ## - SUBJECT ADDED ENTRY--TOPICAL TERM
Topical term or geographic name entry element Rituals
650 ## - SUBJECT ADDED ENTRY--TOPICAL TERM
Topical term or geographic name entry element Traditional
942 ## - Koha item type (Biblio)
Koha item type Books in Stacks (Lending)
Holdings
Lost status Damaged status Collection code Home library Current library Shelving location Date acquired Full call number Accession Number Item type
    Lending WERC Library WERC Library Social Science Cupboard 03/31/2024 294 MCD 6534 Books in Stacks (Lending)

© WERC Library